Hudson Estates (East) Ltd v SoS Environment and Woking DC (Record no. 67495)

MARC details
000 -LEADER
fixed length control field 01172cam a2200217 4500
001 - CONTROL NUMBER
control field X113309
008 - FIXED-LENGTH DATA ELEMENTS--GENERAL INFORMATION
fixed length control field 000000n2001 000 0 eng u
035 ## - SYSTEM CONTROL NUMBER
System control number (Sirsi) u113309
245 ## - TITLE STATEMENT
Title Hudson Estates (East) Ltd v SoS Environment and Woking DC
260 ## - PUBLICATION, DISTRIBUTION, ETC.
Date of publication, distribution, etc. 2001
490 ## - SERIES STATEMENT
Series statement Property, Planning and Compensation Reports
Volume/sequential designation [2001] 71-84(15)
520 ## - SUMMARY, ETC.
Summary, etc. QBD 13 October 2000. Town and Country Planning Act s137,138 and Sched 3. Purchase notice. Whether land incapable ot reasonably beneficial use in its existing state. Whether work required to the land to be ignored. Application of DoE Circular 13/83 regarding evidence of attempts ot dispose of the land. whether Sched 3 contemplated right to rebuild. Whether concept of abandonment applies to applicaiton of Sched 3. (Taken from headnote).
650 ## - SUBJECT ADDED ENTRY--TOPICAL TERM
Topical term or geographic name entry element HUDSON ESTATES (EAST) LTD V SOS ENVIRONMENT AND WOKING DC
650 ## - SUBJECT ADDED ENTRY--TOPICAL TERM
Topical term or geographic name entry element TOWN AND COUNTRY PLANNING ACT 1990 S137
650 ## - SUBJECT ADDED ENTRY--TOPICAL TERM
Topical term or geographic name entry element TOWN AND COUNTRY PLANNING ACT 1990 S138
650 ## - SUBJECT ADDED ENTRY--TOPICAL TERM
Topical term or geographic name entry element TOWN AND COUNTRY PLANNING ACT 1990 SCHED 3
650 ## - SUBJECT ADDED ENTRY--TOPICAL TERM
Topical term or geographic name entry element DOE CIRCULAR 13/1983
650 ## - SUBJECT ADDED ENTRY--TOPICAL TERM
Topical term or geographic name entry element ABANDONMENT
690 ## - LOCAL SUBJECT ADDED ENTRY--TOPICAL TERM (OCLC, RLIN)
Topical term or geographic name as entry element Planning and development
9 (RLIN) 6259
942 ## - ADDED ENTRY ELEMENTS (KOHA)
Suppress in OPAC 0
Holdings
Withdrawn status Lost status Source of classification or shelving scheme Damaged status Not for loan Home library Current library Shelving location Date acquired Total Checkouts Full call number Barcode Date last seen Copy number Price effective from Koha item type
    Dewey Decimal Classification     London London Journal article 27/06/2001   X113309 113309-1001 06/08/2019 1 06/08/2019 Law report